Online
Catalog

Oro de mis canciones / (Record no. 33812)

MARC details
000 -CABECERA
campo de control de longitud fija 00445nam a2200145 a 4500
001 - NÚMERO DE CONTROL
campo de control 000034321
005 - FECHA Y HORA DE LA ÚLTIMA TRANSACCIÓN
campo de control 20200930073634.0
008 - DATOS DE LONGITUD FIJA--INFORMACIÓN GENERAL
campo de control de longitud fija 111003s1949 dr 000 0 spa d
040 ## - FUENTE DE LA CATALOGACIÓN
Centro catalogador/agencia de origen DO-SdBNP
Lengua de catalogación spa
Centro/agencia transcriptor BNPHU
082 ## - NÚMERO DE LA CLASIFICACIÓN DECIMAL DEWEY
Número de clasificación xxx
Número de documento/Ítem G626o
100 1# - ENTRADA PRINCIPAL--NOMBRE DE PERSONA
Nombre de persona Golibart Gonzalez, Porfirio
9 (RLIN) 58752
245 10 - MENCIÓN DE TÍTULO
Título Oro de mis canciones /
Mención de responsabilidad, etc. Porfirio Golibart González.
260 ## - PUBLICACIÓN, DISTRIBUCIÓN, ETC.
Lugar de publicación, distribución, etc. Ciudad Trujillo, República Dominicana
Lugar de fabricación/manufactura Rincon
Fecha de publicación, distribución, etc. 1949.
300 ## - DESCRIPCIÓN FÍSICA
Extensión 35 p. ;
Dimensiones 24 cm.
Holdings
Estado de retiro Estado de pérdida Restricciones de uso No para préstamo Código de colección Localización permanente Ubicación/localización actual Ubicación en estantería Fecha de adquisición Número de inventario Total de préstamos Signatura topográfica completa Código de barras Fecha visto por última vez Precio válido a partir de Tipo de ítem Koha
      Excluido de préstamo Raros y valiosos Patrimonio Dominicano Patrimonio Dominicano En catalogación 03.10.2011 LF1   xxx G626o 34321-10 25.06.2020 25.06.2020 No se presta

Powered by Koha